Nanotechnology in solar applications , smart energy
La siguiente charla trata el tema de la nanotecnologa̕ para conseguir energa̕s alternativas, adicionalmente como la nanotecnologa̕ puede mejorar el rendimiento de materiales fotovoltaicos usados en los dispositivos de energa̕ solar.
-д хадгалсан:
| Бусад зохиолчид: | , |
|---|---|
| Формат: | Ном |
| Хэл сонгох: | англи |
| Нөхцлүүд: | |
| Онлайн хандалт: | Nanotechnology in solar applications , smart energy |
| Шошгууд: |
Шошго нэмэх
Шошго байхгүй, Энэхүү баримтыг шошголох эхний хүн болох!
|
MARC
| LEADER | 00000nam a22000004a 4500 | ||
|---|---|---|---|
| 001 | vpro9593 | ||
| 005 | 20201223000000.0 | ||
| 008 | 160216s2016 ck # g## #001 0#eng#d | ||
| 020 | |||
| 022 | |||
| 040 | |a CO-BoINGC | ||
| 041 | 0 | |a eng | |
| 245 | 1 | 0 | |a Nanotechnology in solar applications , smart energy |
| 246 | |a Nanotecnologa̕ en aplicaciones solares : energa̕ inteligente | ||
| 264 | |a Bogot ̀(Colombia) : |b Revista VirtualPRO, |c 2016 | ||
| 520 | 3 | |a La siguiente charla trata el tema de la nanotecnologa̕ para conseguir energa̕s alternativas, adicionalmente como la nanotecnologa̕ puede mejorar el rendimiento de materiales fotovoltaicos usados en los dispositivos de energa̕ solar. | |
| 650 | \ | \ | |a Nanociencia |
| 650 | \ | \ | |a Energa̕ solar |
| 650 | \ | \ | |a Nanotecnologa̕ |
| 650 | \ | \ | |a Tecnologa̕ energťica |
| 650 | \ | \ | |a Nanoscience |
| 650 | \ | \ | |a Solar energy |
| 650 | \ | \ | |a Nanotechnology |
| 650 | \ | \ | |a Power technology |
| 650 | \ | \ | |a Energa̕ inteligente |
| 650 | \ | \ | |a Energa̕s alternativas |
| 650 | \ | \ | |a Nanoestructuras semiconductoras |
| 650 | \ | \ | |a Cľulas solares fotovoltaicas |
| 650 | \ | \ | |a Intelligent energy |
| 650 | \ | \ | |a Alternative energies |
| 650 | \ | \ | |a Semiconductor nanostructures |
| 650 | \ | \ | |a Photovoltaic solar cells |
| 700 | \ | \ | |a Amey Jennifer |
| 700 | \ | \ | |a Canal KopernikObservatory / YouTube. |
| 856 | |z Nanotechnology in solar applications , smart energy |u https://virtualpro.unach.elogim.com/biblioteca/nanotecnologia-en-aplicaciones-solares-energia-inteligente | ||